000
00344nam a2200145Ia 4500
008
260417s2023 xx 000 0 und d
041
_a
eng
082
_a
612/YAD
_b
DI-1087
100
_a
DR.A.V.YADAV
245
_a
PHARMACOLGY
250
_a
2ND ed
260
_a
PUNE
_b
2023
_b
NIRALI PRAKASHAN
300
_a
P.B/13.4p
650
_a
PHARMACOOGY
999
_c
1220398
_d
1220398